000 00398nam a2200145Ia 4500
005 20250314103043.0
008 231217s9999 xx 000 0 und d
020 _a9788173668616
082 _a001.64404 HAW;1 R
100 _aHawley, RainaHawley, David
245 0 _aExcel hacks : 100 industrial strength tips and tools
260 _c2004
_bShroff
_aMumbai
300 _axvii+283
942 _cAA
999 _c180783
_d180783